[Event "Live2"]
[Site "Helsingor"]
[Date "2013.03.26"]
[Round "1"]
[White "Nordenbaek, Jan"]
[Black "Carstensen, Jacob"]
[Result "1/2-1/2"]
[WhiteElo "2255"]
[BlackElo "2385"]

1.d4 Nf6 2.c4 e6 3.Nc3 Bb4 4.Qc2 c5 5.dxc5 Bxc5 6.Nf3 Qb6 7.e3 Qc7 8.Be2 
a6 9.O-O b6 10.b3 Bb7 11.Bb2 Be7 12.Rac1 d6 13.Rfd1 Nbd7 14.Qb1 O-O 15.Qa1
Rfd8 1/2-1/2

[Event "Live2"]
[Site "Helsingor"]
[Date "2013.03.26"]
[Round "1"]
[White "Fries Nielsen, Jens Ove"]
[Black "Schmidt, Tommy"]
[Result "1-0"]
[WhiteElo "2369"]
[BlackElo "2195"]

1.d4 Nf6 2.Bf4 g6 3.Nc3 d5 4.Qd2 Bg7 5.Bh6 O-O 6.Bxg7 Kxg7 7.O-O-O c6 8.f3
b5 9.g4 Nbd7 10.g5 Ne8 11.e4 Nb6 12.h4 b4 13.Nb1 a5 14.h5 Qc7 15.e5 Bf5 
16.Qh2 e6 17.hxg6 Bxg6 18.Bd3 Kh8 19.Ne2 Qe7 20.f4 c5 21.Qxh7+ Bxh7 22.
Rxh7+ Kg8 23.Rdh1 f5 24.Rxe7 1-0

[Event "Live2"]
[Site "Helsingor"]
[Date "2013.03.26"]
[Round "1"]
[White "Schou-Moldt, Thomas"]
[Black "Christensen, Tobias"]
[Result "1-0"]
[WhiteElo "2229"]
[BlackElo "2362"]

1.e4 c5 2.Nf3 d6 3.d4 cxd4 4.Nxd4 Nf6 5.Nc3 g6 6.f3 Bg7 7.Be3 O-O 8.Qd2 
Nc6 9.g4 Qa5 10.O-O-O Rd8 11.Kb1 Nxd4 12.Bxd4 Be6 13.a3 a6 14.Qf2 Nd7 15.
Be2 Rac8 16.Bxg7 Kxg7 17.Qd4+ Qe5 18.f4 Qxd4 19.Rxd4 f6 20.Rhd1 g5 21.f5 
Bf7 22.Nd5 Re8 23.Ne3 Ne5 24.Rh1 Rc5 25.Nd5 Rc6 26.Rc1 h6 27.Nb4 Rcc8 28.
Nd5 Rc6 29.Nb4 Rcc8 30.Nd5 Nc6 31.Ra4 Rh8 32.h3 h5 33.Re1 hxg4 34.hxg4 Rh2
35.Rc4 e6 36.Ne3 Rch8 37.b4 Rh1 38.Rc1 R8h3 39.Rc3 Rxc1+ 40.Kxc1 Rh2 41.
Bxa6 Nd4 42.Bd3 Rh3 43.Nd1 exf5 44.exf5 Rg3 45.Rc7 b5 46.a4 Rxd3 47.cxd3 
bxa4 48.Nc3 a3 49.Ra7 Nc6 50.Ra4 Ne5 51.b5 Nxd3+ 52.Kc2 Nc5 53.Rxa3 Be8 
54.Ra7+ Kf8 55.Rc7 1-0

[Event "Live2"]
[Site "Helsingor"]
[Date "2013.03.26"]
[Round "1"]
[White "Jensen, Bjarke"]
[Black "Thybo, Jesper"]
[Result "1-0"]
[WhiteElo "2288"]
[BlackElo "2062"]

1.e4 c6 2.d4 d5 3.Nc3 dxe4 4.Nxe4 Bf5 5.Ng3 Bg6 6.h4 h6 7.Nf3 Nd7 8.Bd3 
Bxd3 9.Qxd3 e6 10.Bd2 Ngf6 11.O-O-O Be7 12.Nf1 c5 13.Qe2 Qb6 14.c3 Rc8 15.
Kb1 cxd4 16.Nxd4 Nc5 17.Ne3 Nce4 18.Be1 O-O 19.g4 Nxc3+ 20.Bxc3 Rxc3 21.g5
Ne4 22.Ng4 Bc5 23.Qxe4 Rc4 24.Nf6+ gxf6 25.gxf6 Kh8 26.Qe3 Kh7 27.Qd3+ 1-0

[Event "Live2"]
[Site "Helsingor"]
[Date "2013.03.26"]
[Round "1"]
[White "Haubro, Martin"]
[Black "Palm, Nikolaj"]
[Result "0-1"]
[WhiteElo "2186"]
[BlackElo "2319"]

1.e4 e5 2.Nf3 Nc6 3.Bc4 Bc5 4.c3 d6 5.O-O Bg4 6.d3 Nf6 7.Bb3 O-O 8.Nbd2 d5
9.Qe2 Re8 10.exd5 Nxd5 11.Ne4 Bf8 12.Neg5 Bh5 13.Nxh7 Nf4 14.Bxf4 exf4 15.
Qd2 Kxh7 16.Qxf4 Qf6 17.Ng5+ Kg8 18.Qh4 Qh6 19.Qf4 Re7 20.Rae1 Rae8 21.Re3
Nd8 22.Rh3 Re5 23.Rg3 Bd6 24.Qc1 Ne6 25.Nxe6 Qxc1 26.Rxg7+ Kh8 27.Rxc1 
R8xe6 28.Bxe6 Kxg7 29.Bc8 b6 30.g4 Bg6 31.f4 Re8 32.f5 Rxc8 33.fxg6 fxg6 
34.Re1 Rh8 35.Re6 Bxh2+ 36.Kg2 Bd6 37.Kf3 Rh3+ 38.Ke4 Kf7 0-1

[Event "Live2"]
[Site "Helsingor"]
[Date "2013.03.26"]
[Round "1"]
[White "Aabling-Thomsen, Jakob"]
[Black "Hoyer, Jacob"]
[Result "1/2-1/2"]
[WhiteElo "2341"]
[BlackElo "2154"]

1.e4 c5 2.Nf3 Nc6 3.Nc3 d6 4.d4 cxd4 5.Nxd4 Nf6 6.Bg5 e6 7.Qd2 Be7 8.O-O-O
O-O 9.f4 Nxd4 10.Qxd4 Qa5 11.Be2 b5 12.a3 Rb8 13.Qb4 Qb6 14.Bxf6 gxf6 15.
f5 a5 16.Qd4 b4 17.axb4 Qxb4 18.Qxb4 Rxb4 19.Rhf1 Bd7 20.e5 d5 21.Rd3 fxe5
22.f6 Bd6 23.Nxd5 exd5 24.Rxd5 Bg4 25.Bxg4 Rxg4 26.Rxd6 Rxg2 27.h4 Rc8 28.
c3 h6 29.Rd2 Rg4 30.Rf5 Rc5 31.Re2 Rxh4 32.Rexe5 Rxe5 33.Rxe5 a4 34.Re7 
Rf4 35.Ra7 h5 36.Ra5 h4 37.Rh5 Rg4 38.Kb1 Rf4 39.Rh6 Rg4 40.Ka2 Re4 41.b4 
axb3+ 42.Kxb3 Rg4 43.c4 Rg6 44.Rxh4 Rxf6 45.c5 Kf8 46.Kb4 Ke7 47.Rd4 Rf1 
48.c6 Rc1 49.Kb5 Ke6 50.Kb6 f5 51.c7 Ke5 52.Rd8 f4 53.c8=Q Rxc8 54.Rxc8 
Kd4 55.Rd8+ Ke3 56.Re8+ Kd4 57.Rf8 Ke3 58.Kc5 f3 59.Re8+ Kd3 60.Rd8+ Ke2 
61.Kd4 f2 62.Re8+ Kd2 63.Ra8 f1=Q 64.Ra2+ Ke1 65.Ra1+ Kf2 66.Rxf1+ Kxf1 
1/2-1/2

[Event "Live2"]
[Site "Helsingor"]
[Date "2013.03.26"]
[Round "1"]
[White "Percivaldi, Martin"]
[Black "Jacobsen, Bo"]
[Result "0-1"]
[WhiteElo "2067"]
[BlackElo "2306"]

1.d4 Nf6 2.c4 g6 3.g3 Bg7 4.Bg2 O-O 5.Nc3 d6 6.Nf3 Nc6 7.O-O Bf5 8.d5 Na5 
9.Nd2 c5 10.e4 Bd7 11.Qc2 a6 12.b3 b5 13.Bb2 Rb8 14.Rab1 e5 15.Ne2 Nh5 16.
h3 Bh6 17.Bc3 Qc7 18.Qd3 Rbe8 19.Kh2 Qd8 20.Ng1 b4 21.Bb2 Nb7 22.Rbe1 a5 
23.Ne2 a4 24.f4 exf4 25.Nxf4 Qg5 26.Nxh5 Qxh5 27.Nf3 Bg7 28.Bxg7 Kxg7 29.
Qe2 f6 30.Qb2 a3 31.Qd2 Nd8 32.Re2 Nf7 33.Qe1 Bg4 34.Ref2 Bxf3 35.Bxf3 Qe5
36.Re2 h5 37.h4 Rh8 38.Qa1 Nh6 39.Qxe5 Rxe5 40.Rfe1 Rhe8 41.Kg2 f5 42.Kf2 
Kf6 43.exf5 Rxe2+ 44.Rxe2 Rxe2+ 45.Bxe2 Nxf5 46.Bd3 Nd4 47.Ke3 Nxb3 48.Bb1
Na5 49.Kd3 g5 50.Bc2 gxh4 51.gxh4 Ke5 0-1

[Event "Live2"]
[Site "Helsingor"]
[Date "2013.03.26"]
[Round "1"]
[White "Ostergaard, Jens"]
[Black "Bruun, Henrik"]
[Result "1/2-1/2"]
[WhiteElo "2273"]
[BlackElo "2047"]

1.d4 g6 2.c4 Bg7 3.Nc3 d6 4.e4 Nf6 5.Nf3 O-O 6.Be2 c5 7.O-O Bg4 8.d5 b5 9.
cxb5 a6 10.bxa6 Nxa6 11.Nd2 Bxe2 12.Qxe2 Nd7 13.Nc4 Nb6 14.Bg5 Nxc4 15.
Qxc4 h6 16.Bh4 Qc7 17.Rab1 Rfb8 18.a3 Rb7 19.Qa4 Rab8 20.Nd1 Qb6 21.Ne3 
Qb5 22.Qc2 Kf8 23.Nc4 Qb3 24.Qe2 Nc7 25.Na5 Qb5 26.Qd2 g5 27.Nxb7 Rxb7 28.
Bg3 c4 29.Qc2 Bxb2 30.a4 Qb3 31.Rxb2 Qxb2 32.Qxc4 Qb4 33.Qc6 Ne8 34.e5 Rb6
35.Qc2 Kg7 36.h3 Ra6 37.Rb1 Qxa4 38.Qxa4 Rxa4 39.Rb7 Ra1+ 40.Kh2 Kf8 41.
exd6 Nxd6 42.Rb6 Rd1 43.Bxd6 exd6 44.Rxd6 h5 45.g3 g4 46.Rd8+ Ke7 47.Rg8 
Rd2 48.hxg4 hxg4 49.d6+ Kd7 50.Kg2 f5 51.Rf8 Ke6 52.Kf1 Rxd6 53.Ke2 Ra6 
54.Re8+ Kf6 55.Ke3 Ra3+ 56.Ke2 1/2-1/2

[Event "Live2"]
[Site "Helsingor"]
[Date "2013.03.26"]
[Round "1"]
[White "Thogersen, Rasmus"]
[Black "Hansen, Mads"]
[Result "0-1"]
[WhiteElo "1953"]
[BlackElo "2309"]

1.e4 c5 2.Nf3 a6 3.c3 d5 4.exd5 Qxd5 5.d4 Nf6 6.Be2 e6 7.O-O Nc6 8.Re1 Be7
9.Nbd2 cxd4 10.Nc4 Bc5 11.Qc2 O-O 12.Bg5 b5 13.Bxf6 gxf6 14.cxd4 Bxd4 15.
Na3 Bb7 16.Rad1 Rfd8 17.Bd3 f5 18.Qd2 Bg7 19.Qg5 Qxa2 20.Nh4 Qxb2 21.Bxf5 
Qf6 0-1

[Event "Live2"]
[Site "Helsingor"]
[Date "2013.03.26"]
[Round "1"]
[White "Matthiesen, Martin"]
[Black "Jacobsen, Mads-Holger"]
[Result "1-0"]
[WhiteElo "2271"]
[BlackElo "2026"]

1.d4 d5 2.c4 c6 3.Nf3 Nf6 4.Nc3 a6 5.e3 e6 6.c5 Nbd7 7.Qc2 b6 8.cxb6 Qxb6 
9.Na4 Qc7 10.Bd2 Bd6 11.Rc1 Bb7 12.Bd3 O-O 13.b4 Rfc8 14.O-O a5 15.bxa5 
Qd8 16.Rb1 Ba6 17.Bxa6 Rxa6 18.Nb6 Rc7 19.Rfc1 Ne4 20.Be1 c5 21.dxc5 Ndxc5
22.Qe2 Rca7 23.Nd4 Bc7 24.f3 Qd6 25.g3 Rxa5 26.Nc8 Qf8 27.Nxa7 Rxa7 28.
fxe4 1-0

[Event "Live2"]
[Site "Helsingor"]
[Date "2013.03.26"]
[Round "1"]
[White "Wilbrandt, Simon"]
[Black "Norskov, Niels"]
[Result "0-1"]
[WhiteElo "2046"]
[BlackElo "2261"]

1.d4 Nf6 2.c4 g6 3.Nc3 Bg7 4.e4 d6 5.Nf3 O-O 6.Be2 e5 7.O-O Na6 8.Re1 c6 
9.Be3 Ng4 10.Bg5 Qe8 11.h3 h6 12.Bh4 Nf6 13.dxe5 dxe5 14.Qd6 Be6 15.Rad1 
Rd8 16.Qa3 Rxd1 17.Rxd1 Qb8 18.c5 g5 19.Bg3 Nh5 20.Bh2 Nf4 21.Bxa6 bxa6 
22.b3 Qc8 23.Bxf4 exf4 24.Qc1 Re8 25.Rd3 f5 26.Nd2 Qc7 27.f3 g4 28.hxg4 
fxg4 29.Ne2 Qe5 30.Nf1 Rf8 31.Qc2 gxf3 32.Rxf3 Bg4 33.Qc4+ Kh8 34.Rf2 f3 
35.gxf3 Rxf3 36.Rxf3 Bxf3 37.Nfg3 h5 38.Kf2 Bg4 39.Qc2 h4 40.Nf5 Bf6 41.
Kg1 Bxf5 42.exf5 Qe3+ 43.Kf1 h3 44.Qc1 Qf3+ 45.Ke1 Bh4+ 0-1

[Event "Live2"]
[Site "Helsingor"]
[Date "2013.03.26"]
[Round "1"]
[White "Stojanovski, Sandi"]
[Black "Stolberg-Rohr, Thomine"]
[Result "1-0"]
[WhiteElo "2262"]
[BlackElo "2044"]

1.d4 g6 2.e4 Bg7 3.Nf3 d6 4.Bc4 Nf6 5.Nc3 O-O 6.O-O Nc6 7.Be3 Bg4 8.h3 
Bxf3 9.Qxf3 e5 10.d5 Ne7 11.g4 a6 12.Rfd1 Qd7 13.Qg2 Kh8 14.f3 h5 15.Bf1 
c6 16.Na4 Nc8 17.dxc6 Qxc6 18.Nc3 Nb6 19.Qf2 Nc8 20.Rd2 Rd8 21.Rad1 b5 22.
g5 Ne8 23.h4 Nc7 24.Bh3 Ne6 25.Nd5 Rb8 26.c3 Rb7 27.Nb4 Qc4 28.Bf1 Qc7 29.
Nxa6 Qe7 30.Nb4 f5 31.exf5 gxf5 32.Nd5 Qe8 33.f4 e4 34.Kh1 Nc7 35.Bh3 Qf8 
36.Qe2 Qf7 37.Nxc7 Rxc7 38.Qxb5 1-0

[Event "Live2"]
[Site "Helsingor"]
[Date "2013.03.26"]
[Round "1"]
[White "Ramsdal, Jens Albert"]
[Black "Thorsbro, Peter"]
[Result "1/2-1/2"]
[WhiteElo "1986"]
[BlackElo "2226"]

1.e4 c6 2.d4 d5 3.exd5 cxd5 4.Bd3 Nc6 5.c3 Nf6 6.Bf4 Bg4 7.Qb3 Qb6 8.Nd2 
e6 9.Ngf3 Be7 10.O-O O-O 11.Rae1 Qxb3 12.axb3 Nh5 13.Be3 Nf6 14.Ne5 Nxe5 
15.dxe5 Nd7 16.Bd4 a6 17.b4 a5 18.Bb5 Nb8 19.Ra1 Nc6 20.Bxc6 bxc6 21.Rxa5 
Rxa5 22.bxa5 c5 23.Be3 Be2 24.Ra1 Ba6 25.Ra3 d4 26.Bf4 g5 27.Bg3 c4 28.Ra2
Rd8 29.f3 dxc3 30.bxc3 Rd5 31.Ne4 Kg7 32.Kf1 Bd8 33.Bf2 Rxa5 34.Rxa5 Bxa5 
35.Bd4 Kg6 36.Nd6 Bc7 37.g3 f6 38.f4 Kh5 39.Ne8 fxe5 40.fxe5 Bb8 41.Ng7+ 
Kg6 42.Nxe6 Bc8 43.Nf8+ Kg7 44.Nd7 Bc7 45.e6+ Kh6 46.Kf2 Bd6 47.Ke3 Kg6 
48.Be5 Be7 49.g4 h5 50.h3 h4 51.Bd4 Bd6 52.Ke2 Bb7 53.Nb6 Bc7 54.Kf2 Bxb6 
55.Bxb6 Bd5 56.e7 Kf7 57.Bd8 Ke8 58.Kg1 1/2-1/2

[Event "Live2"]
[Site "Helsingor"]
[Date "2013.03.26"]
[Round "1"]
[White "Thuesen, Mogens"]
[Black "Svendsen, Peter Willer"]
[Result "1-0"]
[WhiteElo "2261"]
[BlackElo "2027"]

1.d4 d5 2.c4 c6 3.Nf3 Nf6 4.Nc3 e6 5.Bg5 Be7 6.e3 Nbd7 7.Bd3 O-O 8.O-O b6 
9.Rc1 Bb7 10.cxd5 exd5 11.Bb1 Ne4 12.Bf4 f5 13.Ne5 g5 14.Nxd7 Qxd7 15.Be5 
Bd6 16.f4 Qe7 17.Bxe4 fxe4 18.Bxd6 Qxd6 19.Qg4 Rf7 20.fxg5 Raf8 21.Rxf7 
Rxf7 22.a3 Ba6 23.Ne2 c5 24.dxc5 bxc5 25.Ng3 Bd3 26.Qc8+ Qf8 27.Qxf8+ Kxf8
28.Rxc5 Bc4 29.h4 Ke8 30.Nxe4 Rf1+ 31.Kh2 Kd7 32.Nf6+ Kd6 33.Rc8 h6 34.
gxh6 1-0

[Event "Kandidatklassen"]
[Site "K41"]
[Round "2"]
[White "Thomine Stolberg-Rohr"]
[Black "Martin Haubro"]
[Result "0-1"]
[Date "28.03.2013"]
[WhiteElo "2044"]
[BlackElo "2186"]
[Input "DGT5655"]
[Board "game_10"]

1.e4 c5 2.Nc3 g6 3.f4 Bg7 4.Nf3 Nc6 5.Bb5 Nd4 6.O-O Nxb5 7.Nxb5 d5 8.exd5 
a6 9.Nc3 Nf6 10.d4 Nxd5 11.dxc5 Nxc3 12.Qxd8+ Kxd8 13.bxc3 Bxc3 14.Rb1 Kc7
15.Be3 Be6 16.a3 Rhd8 17.Ne5 f6 18.c6 b5 19.Nd3 Bc4 20.Bc5 e6 21.Rf3 Kxc6 
22.Be7 Bd4+ 23.Kh1 Rd7 24.Bb4 Rad8 25.Ba5 Bb6 26.Bxb6 Kxb6 27.Re1 Bxd3 28.
Rxe6+ Kc5 29.cxd3 Rxd3 30.Kg1 Rxf3 31.gxf3 Rd6 32.Re3 a5 33.Rc3+ Kb6 34.
Kf2 b4 35.axb4 axb4 36.Rc4 Kb5 37.Rc1 b3 38.Rb1 Kb4 39.Ke3 Kc3 40.Rc1+ Kb2
41.Rc7 h5 42.h4 Ra6 43.Kd3 Ka2 0-1

[Event "Kandidatklassen"]
[Site "K41"]
[Round "2"]
[White "Peter Willer Svendsen"]
[Black "Martin Percivaldi"]
[Result "0-1"]
[Date "28.03.2013"]
[WhiteElo "2027"]
[BlackElo "2067"]
[Input "DGT5655"]
[Board "game_10"]

1.d4 d5 2.c4 c6 3.Nf3 Nf6 4.e3 Bf5 5.Nc3 e6 6.Be2 h6 7.Qb3 Qb6 8.Bd2 Nbd7 
9.O-O Be7 10.Qxb6 axb6 11.Rac1 Bd6 12.Rfd1 Ke7 13.Be1 g5 14.Nd2 g4 15.g3 
h5 16.Bf1 h4 17.Bg2 hxg3 18.hxg3 Nf8 19.a3 N8h7 20.e4 dxe4 21.Ndxe4 Nxe4 
22.Nxe4 Bxe4 23.Bxe4 Ng5 24.Bg2 Rh5 25.Rd3 Rah8 26.Rcd1 f5 27.Bc3 R8h7 28.
Kf1 Rh2 29.Re1 Nf7 30.b4 Kd7 31.Rde3 R7h6 32.d5 cxd5 33.cxd5 e5 34.Bd2 
R6h5 35.Rc3 f4 36.Be4 f3 37.Bxf3 gxf3 38.Rxf3 Rh1+ 39.Ke2 Rxe1+ 40.Bxe1 
Ke7 41.Bd2 Rh8 42.Rc3 b5 43.Be3 Kd7 44.Kd3 Bc7 45.Ke4 Re8 46.Kf5 Nd6+ 47.
Kg6 Rg8+ 48.Kh5 Ne4 49.Rc2 Nf6+ 50.Kh4 Nxd5 51.Rc5 Nxe3 52.fxe3 b6 53.Rd5+
Ke6 54.e4 Rd8 55.Rxb5 Rd4 56.a4 Rxe4+ 57.g4 Kd6 58.Kg3 Kc6 59.g5 Bd8 60.
Kf3 Rf4+ 61.Kg3 Rf5 62.g6 Bf6 63.Kg4 Rg5+ 64.Kf3 e4+ 65.Kxe4 Rxb5 66.axb5+
Kxb5 67.g7 Bxg7 0-1

[Event "Kandidatklassen"]
[Site "K41"]
[Round "2"]
[White "Jesper Søndergaard Thybo"]
[Black "Simon Wilbrandt"]
[Result "1/2-1/2"]
[Date "28.03.2013"]
[WhiteElo "2062"]
[BlackElo "2046"]
[Input "DGT5655"]
[Board "game_10"]

1.d4 Nf6 2.c4 g6 3.Nc3 d5 4.Bg5 Ne4 5.Bh4 Nxc3 6.bxc3 dxc4 7.e3 Be6 8.Nf3 
Bg7 9.Be2 O-O 10.O-O c5 11.Nd2 cxd4 12.cxd4 Nc6 13.Nxc4 Rc8 14.Rc1 Qd7 15.
Qd2 Bd5 16.Na5 b6 17.Nxc6 Bxc6 18.Qb4 Qb7 19.Rxc6 Qxc6 20.Bxe7 Qc2 21.Bf3 
Rfe8 22.Bg4 Rc7 23.Bd6 Bf8 24.Bxf8 Rxf8 25.a3 Rd8 26.Qb5 Qc6 27.Qg5 Qd6 
28.h4 Qd5 29.Qf4 Qd6 30.Qg5 Qd5 31.Qf4 Qd6 32.Qg5 1/2-1/2

[Event "Kandidatklassen"]
[Site "K41"]
[Round "2"]
[White "Peter Thorsbro"]
[Black "Jan Nordenbæk Pedersen"]
[Result "0-1"]
[Date "28.03.2013"]
[WhiteElo "2226"]
[BlackElo "2255"]
[Input "DGT5655"]
[Board "game_10"]

1.d4 d5 2.c4 c6 3.Nc3 Nf6 4.Nf3 dxc4 5.a4 Bf5 6.Ne5 Nbd7 7.Nxc4 Nb6 8.Ne5 
a5 9.f3 Nfd7 10.Nxd7 Nxd7 11.e4 Bg6 12.Bc4 e5 13.Be3 Qb6 14.Qd2 Qb4 15.Be2
Rd8 16.dxe5 Nxe5 17.Qc2 Nc4 18.Bxc4 Qxc4 19.Qe2 Qb4 20.Qf2 Rd3 21.Rd1 
Rxd1+ 22.Kxd1 Be7 23.Kc1 O-O 24.Rd1 f5 25.Rd4 Qb3 26.Rd7 Bf6 27.Bd4 fxe4 
28.Bxf6 gxf6 29.fxe4 b5 30.axb5 cxb5 31.Qd4 b4 32.Nd5 Rc8+ 33.Rc7 Rxc7+ 
34.Nxc7 Qf7 35.Nd5 Kg7 36.g4 Qe6 37.g5 Bxe4 38.gxf6+ Kg8 39.Ne3 Kf7 40.Nc4
Bd5 41.Ne3 Bb3 42.Kd2 Qxf6 43.Qd7+ Kf8 44.Qc8+ Kg7 45.Qd7+ Kh8 46.Qe8+ Bg8
47.Kc1 Qd4 48.h4 a4 49.Nc2 Qf4+ 50.Kd1 b3 51.Ne1 a3 52.bxa3 b2 53.Qb5 Qc1+
54.Ke2 Bc4+ 0-1

[Event "Kandidatklassen"]
[Site "K41"]
[Round "2"]
[White "Tommy Schmidt"]
[Black "Mads-Holger Bang Jacobsen"]
[Result "1-0"]
[Date "28.03.2013"]
[WhiteElo "2195"]
[BlackElo "2026"]
[Input "DGT5655"]
[Board "game_10"]

1.Nf3 Nf6 2.c4 c6 3.Nc3 d5 4.e3 e6 5.b3 Bd6 6.Bb2 O-O 7.Qc2 Nbd7 8.d4 Qe7 
9.Be2 a6 10.O-O b5 11.e4 Nxe4 12.Nxe4 dxe4 13.Qxe4 Nf6 14.Qc2 bxc4 15.Bxc4
c5 16.dxc5 Bxc5 17.Ng5 e5 18.Rae1 Bd6 19.f4 e4 20.Nxe4 Nxe4 21.Rxe4 Qh4 
22.Qc3 Qh6 23.Rd1 Bc5+ 24.Kh1 Bg4 25.Rd5 Rfc8 26.Rg5 Be6 27.Rxe6 fxe6 28.
Bxe6+ Kf8 29.Bxc8 Rxc8 30.Rxc5 Rd8 31.Rc8 1-0

[Event "Kandidatklassen"]
[Site "K41"]
[Round "2"]
[White "Jacob Høyer"]
[Black "Jens Østergaard"]
[Result "1-0"]
[Date "28.03.2013"]
[WhiteElo "2154"]
[BlackElo "2273"]
[Input "DGT1181"]
[Board "game_8"]

1.d4 Nf6 2.c4 e6 3.Nc3 Bb4 4.e3 O-O 5.Ne2 d5 6.a3 Be7 7.cxd5 exd5 8.Nf4 c6
9.Bd3 Bd6 10.Nh5 g6 11.Nxf6+ Qxf6 12.h4 Re8 13.h5 Qxd4 14.hxg6 hxg6 15.Qc2
Qf6 16.Bd2 Nd7 17.O-O-O Ne5 18.e4 Be6 19.Kb1 Qxf2 20.exd5 cxd5 21.Rdf1 Qg3
22.Bb5 Rec8 23.Qa4 Nc4 24.Bxc4 Rxc4 25.Qd1 d4 26.Rf3 Qg4 27.Nb5 Bf8 28.Bh6
Bd5 29.Bxf8 Bxf3 30.gxf3 Qf5+ 31.Ka1 Qxb5 32.Be7 Qf5 33.Qd2 g5 34.Qh2 Rc1+
35.Rxc1 Qf4 36.Qxf4 gxf4 37.Bf6 1-0

[Event "Kandidatklassen"]
[Site "K41"]
[Round "2"]
[White "Henrik E. Bruun"]
[Black "Jakob Aabling-Thomsen"]
[Result "0-1"]
[Date "28.03.2013"]
[WhiteElo "2047"]
[BlackElo "2341"]
[Input "DGT1179"]
[Board "game_6"]

1.e4 d6 2.d4 Nf6 3.Nc3 g6 4.Be3 a6 5.Bd3 Bg7 6.f3 e5 7.dxe5 dxe5 8.Qd2 O-O
9.Qf2 Be6 10.O-O-O Nbd7 11.g4 c6 12.Kb1 b5 13.h4 Qa5 14.b3 Qxc3 15.Ne2 Qa5
16.Ng3 c5 17.h5 c4 18.Be2 Qc7 19.g5 Nxh5 20.Qh2 Rfc8 21.Rxd7 Bxd7 22.b4 
Nxg3 23.Qxg3 Qd6 24.c3 a5 25.Rd1 Qe7 26.a3 axb4 27.axb4 Be6 28.Bc1 Qa7 29.
Bb2 Rd8 30.Rc1 Qa2+ 31.Kc2 Qb3+ 32.Kb1 Rd2 33.Bd1 Qa2# 0-1

[Event "Kandidatklassen"]
[Site "K41"]
[Round "2"]
[White "Bo Jacobsen"]
[Black "Mogens Thuesen"]
[Result "1-0"]
[Date "28.03.2013"]
[WhiteElo "2306"]
[BlackElo "2261"]
[Input "DGT1182"]
[Board "game_7"]

1.c4 g6 2.g3 Bg7 3.Bg2 d6 4.Nc3 Nf6 5.Nf3 O-O 6.O-O c6 7.e4 a5 8.h3 e5 9.
d3 Nbd7 10.Be3 Qe7 11.Qd2 Nc5 12.Rad1 Re8 13.Rfe1 a4 14.Qc2 a3 15.b3 Nh5 
16.d4 Ne6 17.d5 Nc7 18.b4 cxd5 19.exd5 Bd7 20.c5 Nf6 21.cxd6 Qxd6 22.Bc5 
Qa6 23.Bf1 b5 24.d6 Ne6 25.Nxe5 Rab8 26.Nxd7 Nxd7 27.Nd5 Kh8 28.Nc7 1-0

[Event "Kandidatklassen"]
[Site "K41"]
[Round "2"]
[White "Mads Hansen"]
[Black "Thomas Schou-Moldt"]
[Result "1/2-1/2"]
[Date "28.03.2013"]
[WhiteElo "2309"]
[BlackElo "2229"]
[Input "DGT5654"]
[Board "game_9"]

1.c4 Nf6 2.g3 g6 3.Bg2 Bg7 4.Nc3 O-O 5.e4 d6 6.Nge2 c5 7.O-O Nc6 8.d3 a6 
9.h3 Bd7 10.Be3 Rb8 11.a4 Ne8 12.d4 cxd4 13.Nxd4 Nc7 14.f4 Ne6 15.Nde2 Nb4
16.a5 Nc5 17.Nd4 Nc6 18.Nxc6 bxc6 19.Bxc5 dxc5 20.e5 Be6 21.Rf2 f6 22.Bxc6
Qxd1+ 23.Rxd1 fxe5 24.Na4 Bxh3 25.Nxc5 exf4 26.gxf4 Rxb2 27.Bd5+ Kh8 28.
Be6 Rxf2 29.Kxf2 Rxf4+ 30.Kg3 Rd4 31.Re1 Bxe6 32.Rxe6 Rxc4 33.Nxa6 Ra4 34.
Rxe7 Bf6 35.Re6 Kg7 36.Nc5 Rxa5 37.Nd7 Ra3+ 38.Kg2 Ra2+ 39.Kh3 Ra3+ 40.Kg2
Bg5 41.Rc6 Re3 42.Nc5 Be7 43.Ne6+ Kf7 44.Nf4 g5 45.Nh3 Bf6 46.Nf2 h5 47.
Rc4 Kg6 48.Ne4 Be5 49.Kf2 Ra3 50.Kg2 Kf5 51.Nf2 Ra2 52.Kf1 Ra1+ 53.Kg2 Ra2
54.Kf1 Ra5 55.Rc8 Bd6 56.Rh8 Bc5 57.Nd3 Kg4 58.Ne5+ Kh4 59.Ng6+ Kg4 60.
Ne5+ Kf5 61.Rxh5 Kxe5 62.Rxg5+ Kf4 63.Rg2 Ke4 64.Ke2 Be3 65.Rg4+ Bf4 66.
Rg2 Ra1 67.Kf2 Be3+ 68.Ke2 Kf4 69.Rg8 Ra2+ 70.Kd3 Kf3 71.Re8 Rd2+ 72.Kc3 
Rd7 73.Re6 Ke2 74.Rc6 Rd3+ 75.Kc4 Ra3 76.Kd5 Kd3 77.Ke5 Ra5+ 78.Ke6 Rh5 
79.Kd6 Bf4+ 80.Ke6 Kd4 81.Rc2 Be3 82.Rc6 Ke4 83.Rc4+ Bd4 84.Rc6 Rh8 85.Kd6
1/2-1/2

[Event "Kandidatklassen"]
[Site "K41"]
[Round "2"]
[White "Nikolaj Palm"]
[Black "Sandi Stojanovski"]
[Result "1/2-1/2"]
[Date "28.03.2013"]
[WhiteElo "2319"]
[BlackElo "2262"]
[Input "DGT1185"]
[Board "game_5"]

1.d4 Nf6 2.Nf3 e6 3.e3 c5 4.b3 b6 5.Bb2 Bb7 6.Bd3 Be7 7.O-O O-O 8.c4 d6 9.
Nc3 a6 10.Qe2 Nbd7 11.Rad1 Qc7 12.Bb1 Rfe8 13.Rfe1 Rad8 14.e4 cxd4 15.Nxd4
Nf8 16.Kh1 Ng6 17.Nf3 Qb8 18.h3 Bc6 19.g3 h5 20.h4 Ng4 21.Nd4 Ba8 22.f3 
N4e5 23.Qg2 Nc6 24.Nce2 Nxd4 25.Nxd4 b5 26.cxb5 axb5 27.Qe2 Bf6 28.f4 Bxd4
29.Bxd4 e5 30.Bf2 exf4 31.Qxh5 fxg3 32.Bxg3 Ne5 33.Bf4 Qc8 34.Kh2 g6 35.
Qe2 Re6 36.Rf1 Rde8 37.Qg2 Rf6 38.Bg5 Rxf1 1/2-1/2

[Event "Kandidatklassen"]
[Site "K41"]
[Round "2"]
[White "IM Tobias B. Christensen"]
[Black "Rasmus Thøgersen"]
[Result "1-0"]
[Date "28.03.2013"]
[WhiteElo "2362"]
[BlackElo "1953"]
[Input "DGT4208"]
[Board "game_3"]

1.Nf3 Nf6 2.c4 g6 3.d4 Bg7 4.Nc3 d6 5.e4 O-O 6.Be2 e5 7.dxe5 dxe5 8.Qxd8 
Rxd8 9.Bg5 Re8 10.O-O-O c6 11.Nxe5 Nxe4 12.Nxe4 Bxe5 13.f4 Bf5 14.Ng3 Bc7 
15.Rhe1 Ba5 16.Rf1 Na6 17.Nxf5 Rxe2 18.Nh6+ Kg7 19.Rd7 Rf8 20.Ng4 Rfe8 21.
Bf6+ Kf8 22.Ne5 R8xe5 23.Bxe5 Nc5 24.Rd4 Ke8 25.g4 Rxh2 26.Bd6 Na4 27.Re4+
Kd7 28.Ba3 Bd2+ 29.Kd1 Bc3 30.Re7+ Kd8 31.bxc3 Rxa2 32.Rf3 Rxa3 33.Rxb7 f5
34.gxf5 gxf5 35.Rg3 Ra1+ 36.Kd2 1-0

[Event "Kandidatklassen"]
[Site "K41"]
[Round "2"]
[White "Niels Nørskov"]
[Black "Bjarke Jensen"]
[Result "1-0"]
[Date "28.03.2013"]
[WhiteElo "2261"]
[BlackElo "2288"]
[Input "DGT1186"]
[Board "game_4"]

1.e4 c5 2.Nf3 d6 3.d4 cxd4 4.Nxd4 Nf6 5.Nc3 a6 6.Be2 g6 7.O-O Nbd7 8.Re1 
e5 9.Nb3 b5 10.a4 b4 11.Nd5 Nxd5 12.Qxd5 Ra7 13.Be3 Rc7 14.Bc4 Qe7 15.Qd3 
f5 16.exf5 gxf5 17.Bd5 Bg7 18.Qe2 h5 19.Rad1 Bf6 20.Qd2 Qg7 21.Qxb4 Be7 
22.Qa5 Bd8 23.Qd2 Nf6 24.c4 Nxd5 25.cxd5 Bb7 26.f4 Rc4 27.Nd4 Qf7 28.b3 
Rc5 29.Nc6 Bb6 30.fxe5 Rg8 31.exd6 1-0

[Event "Kandidatklassen"]
[Site "K41"]
[Round "2"]
[White "Jacob Carstensen"]
[Black "Jens Albert Ramsdal"]
[Result "1-0"]
[Date "28.03.2013"]
[WhiteElo "2385"]
[BlackElo "1986"]
[Input "DGT932"]
[Board "game_1"]

1.d4 Nf6 2.c4 e6 3.g3 Bb4+ 4.Bd2 c5 5.Bxb4 cxb4 6.Bg2 O-O 7.Nf3 d6 8.O-O 
Nc6 9.a3 bxa3 10.Rxa3 e5 11.Nc3 Bg4 12.d5 Bxf3 13.exf3 Na5 14.b3 b6 15.Qd2
Nd7 16.Rfa1 a6 17.Bf1 Qc7 18.Qa2 Nb8 19.Qd2 Nb7 20.f4 exf4 21.Qxf4 a5 22.
Nb5 Qe7 23.b4 Nd7 24.Re3 Qf6 25.Qxf6 Nxf6 26.Re7 Rab8 27.bxa5 bxa5 28.Bh3 
Rfd8 29.Nd4 Re8 30.Rc7 Nc5 31.Nf5 Rbd8 32.Nxd6 Rxd6 33.Rxc5 a4 34.Ra5 g6 
35.R5xa4 Re2 36.R4a2 Re4 37.Rc2 Rd4 38.Bg2 Rd8 39.Bf1 Kf8 40.Rb2 Ne4 41.
Ra7 Rd1 42.Kg2 Rd2 43.Rxd2 Nxd2 44.Rc7 1-0

[Event "Kandidatklassen"]
[Site "K41"]
[Round "2"]
[White "Martin Matthiesen"]
[Black "IM Jens Ove Fries Nielsen"]
[Result "0-1"]
[Date "28.03.2013"]
[WhiteElo "2271"]
[BlackElo "2369"]
[Input "DGT4472"]
[Board "game_2"]

1.d4 Nf6 2.c4 d6 3.Nf3 Bf5 4.g3 Qc8 5.h3 h6 6.Bg2 c6 7.Nh4 Be6 8.b3 a5 9.
Nc3 g5 10.Nf3 Bg7 11.Bb2 Bf5 12.e3 Nbd7 13.Qe2 Ne4 14.Nxe4 Bxe4 15.O-O Nf6
16.Rac1 Qf5 17.Qd1 h5 18.Nd2 Bxg2 19.Kxg2 g4 20.h4 d5 21.a4 O-O 22.Qc2 Qe6
23.Rfe1 Rfd8 24.Ba3 Bh6 25.Qd3 Rd7 26.cxd5 Rxd5 27.Rcd1 Rad8 28.Rc1 Rf5 
29.Bxe7 Re8 30.Bxf6 Qxf6 31.Qe2 Qd6 32.Qd3 Qf6 33.Rf1 Rd5 34.Rc4 Bf8 35.
Qc2 Bb4 36.Kg1 Qe6 37.Nb1 Rf5 38.Rc1 Rf3 39.Qe2 Qd6 40.Kh1 Rexe3 41.fxe3 
Rxg3 42.Rf1 Qe7 43.Rf2 Qe4+ 44.Rg2 Qxb1+ 0-1

[Event "Kandidatklassen"]
[Site "K41"]
[Round "3"]
[White "Sandi Stojanovski"]
[Black "Jacob Carstensen"]
[Result "1/2-1/2"]
[Date "28.03.2013"]
[WhiteElo "2262"]
[BlackElo "2385"]
[Input "DGT932"]
[Board "game_1"]

1.Nf3 Nf6 2.c4 e6 3.g3 d5 4.Bg2 dxc4 5.Qa4+ Nbd7 6.Qxc4 a6 7.Qc2 c5 8.O-O 
b5 9.b3 Bb7 10.Bb2 Rc8 11.d3 Be7 12.Nbd2 O-O 13.Rac1 Qb6 14.Qb1 Nd5 15.d4 
cxd4 16.Bxd4 Qa5 17.Qa1 N5f6 18.Bc3 Bb4 19.Bxb4 Qxb4 20.a3 Qe7 21.Rxc8 
Rxc8 22.Rc1 Rxc1+ 23.Qxc1 Qd6 24.b4 Nb6 25.Nb3 g6 26.Nfd2 Bxg2 27.Kxg2 
Qd5+ 28.Kg1 Ne4 29.Nxe4 Qxe4 30.Qd1 Nc4 31.Nc5 Qe5 32.Qd8+ Kg7 33.Nd7 Qd6 
34.Qf6+ Kg8 35.Qd8+ 1/2-1/2

[Event "Kandidatklassen"]
[Site "K41"]
[Round "3"]
[White "IM Jens Ove Fries Nielsen"]
[Black "Bo Jacobsen"]
[Result "1/2-1/2"]
[Date "28.03.2013"]
[WhiteElo "2369"]
[BlackElo "2306"]
[Input "DGT4472"]
[Board "game_2"]

1.e3 g6 2.c4 Bg7 3.Nc3 Nf6 4.g4 O-O 5.g5 Ne8 6.h4 e5 7.Nf3 c6 8.h5 d5 9.
cxd5 cxd5 10.e4 Nc7 11.hxg6 hxg6 12.exd5 Nxd5 13.Ne4 Nc6 14.d3 Re8 15.a3 
b6 16.Qa4 Bg4 17.Qxc6 Bxf3 18.Rh3 Bg4 19.Rh4 Bf5 20.Qd6 Nf4 21.Qxd8 Raxd8 
22.Bd2 Re6 23.Rc1 Nd5 1/2-1/2